Vedenie účtovníctva v konkrétnej mikro účtovnej jednotke diplomová práca

Enregistré dans:
Détails bibliographiques
Auteur principal: Bujdoš, Ján
Collectivité auteur: Fakulta hospodárskej informatiky EU. Katedra účtovníctva a audítorstva
Autres auteurs: Máziková, Katarína
Format: Livre
Langue:slovaque
Publié: Bratislava 2016
Tags: Ajouter un tag
Pas de tags, Soyez le premier à ajouter un tag!

MARC

LEADER 00000nbm a2200000 4500
001 0216876
005 20240905082003.9
041 0 |a slo 
044 |a SK 
245 1 0 |a Vedenie účtovníctva v konkrétnej mikro účtovnej jednotke  |b diplomová práca  |c Ján Bujdoš ; školiteľ: Katarína Máziková 
264 1 |a Bratislava  |c 2016 
300 |a 77 s. 
100 1 |a Bujdoš, Ján 
700 1 |a Máziková, Katarína 
710 2 |a Fakulta hospodárskej informatiky EU. Katedra účtovníctva a audítorstva